Les tournois de tennis majeurs - Statistiques

Statistiques générales
  • Ce quiz a été pris 2 775 fois
    2 124 depuis la dernière actualisation
  • Le résultat moyen est 19 sur 40
Statistiques - réponses
Catégorie Points Réponse % Correct
Grand Chelem 2000 Roland Garros
98%
Grand Chelem 2000 Wimbledon
98%
Grand Chelem 2000 US Open
97%
Grand Chelem 2000 Open d'Australie
94%
ATP/WTA 1000 Open de Madrid
86%
ATP 1000 Paris-Bercy
84%
ATP/WTA 1000 Rome
84%
ATP 1000 Monte-Carlo
75%
ATP 500 Barcelone
71%
ATP/WTA 1000 Miami
70%
ATP/WTA 1000 Indian Wells
66%
ATP Finals (2009-20) 1500 Londres
65%
ATP 1000 Shanghai
64%
ATP/WTA 1000 Open du Canada
63%
ATP Finals (2021-25) 1500 Turin
61%
ATP/WTA 1000 Cincinnati
59%
ATP 500 Tokyo (Open du Japon)
56%
ATP 500 Pékin
52%
WTA 1000 ou 500 Dubaï
48%
ATP 500 Dubaï
48%
ATP 500 Rio de Janeiro
46%
WTA 500 Berlin
42%
ATP 500 Queen's
40%
ATP 500 Halle
38%
WTA 1000 ou 500 Doha
34%
ATP 500 Hambourg
34%
ATP 500 Vienne
34%
ATP 500 Acapulco
33%
ATP 500 Washington D.C
33%
ATP 500 Bâle
32%
ATP 500 Rotterdam
31%
WTA 500 Stuttgart
21%
WTA Finals (2022) 1500 Fort Worth
16%
WTA 500 Adélaïde
15%
WTA 500 Abou Dabi
14%
WTA Finals (2021) 1500 Guadalajara
13%
WTA 500 Eastbourne
6%
WTA 500 Charleston
5%
WTA Finals (2019) 1500 Shenzhen
5%
WTA 500 San José
1%
Aucun quiz correspondant
Distribution des résultats
% des personnes avec chaque résultat
Percentile par nombre de réponses
Votre historique - résultats
Vous n’avez pas pris ce quiz depuis la dernière actualisation